000 00223nam a2200097Ia 4500
008 240331s9999 xx 000 0 und d
082 _bFRE
100 _aMoi, T. ed
245 0 _aFrench feminist thought :
_bA reader
942 _cL
999 _c1761
_d1761